00773nam a2200253 a 4500001001300000003000900013005001700022008004100039020001100080082001900091100002100110245006600131260005100197300000900248500003500257505001000292650002600302700001800328700002100346902000800367942000700375952012200382999001500504nice12345678IN_TiNIC20260116013130.0050524s1991 pena grp 000 0 eng  ac115000a305.40954bAPP aAppadurai, Arjun aGender, Genre, and Power in South Asian Expressive Traditions aPennsylvaniabUniversity of Pennsylvaniac1991 a486p aincludes index and biblioraphy2 aIndex aFolk Literative Women1 aFrank J Korom1 aMargaret A Mills bSRS cBK 001040708StackRoom-aHMIbHMId2008-04-18g1150.00l0o305.40954 APPp019878r2008-04-18v1150.00w2005-05-24yBK c9788d9788